Online Public Access Catalog -OPAC

S. R. Ranganathan, 1892-1972. (Record no. 43094)

MARC details
000 -LEADER
fixed length control field 00418nam a2200121Ia 4500
008 - FIXED-LENGTH DATA ELEMENTS--GENERAL INFORMATION
fixed length control field 180412s9999||||xx |||||||||||||| ||und||
020 ## - INTERNATIONAL STANDARD BOOK NUMBER
International Standard Book Number 853651973
040 ## - CATALOGING SOURCE
Original cataloging agency Ahmadu Bello University Library - Zaria
100 ## - MAIN ENTRY--PERSONAL NAME
Personal name Dudley, Edward
245 #0 - TITLE STATEMENT
Title S. R. Ranganathan, 1892-1972.
Statement of responsibility, etc. Edward Dudley (ed.)
260 ## - PUBLICATION, DISTRIBUTION, ETC.
Place of publication, distribution, etc. London
Name of publisher, distributor, etc. The Library Association
Date of publication, distribution, etc. 1974
300 ## - PHYSICAL DESCRIPTION
Extent 40p.
500 ## - GENERAL NOTE
General note Papers given at a memorial meeting on Thursday, 25th January, 1973.

No items available.

Customized by ICT Technical Service Unit on 29th Dec 2022

Kashim Ibrahim Library